مكتبة جامعة عجلون الوطنية

فهرس بحث المكتبة

Normal view MARC view
  • الاطفال - انحراف السلوك - رعاية - جوانب اجتماعية

Entry Topical Term

Number of records used in: 1

001 - CONTROL NUMBER

  • control field: 7693

003 - CONTROL NUMBER IDENTIFIER

  • control field: JO-AjAnu

005 - DATE AND TIME OF LATEST TRANSACTION

  • control field: 20230606071537.0

008 - FIXED-LENGTH DATA ELEMENTS

  • fixed length control field: 230606|| aca||aabn | a|a d

040 ## - CATALOGING SOURCE

  • Original cataloging agency: JO-AjAnu
  • Transcribing agency: JO-AjAnu

150 ## - HEADING--TOPICAL TERM

  • Topical term or geographic name entry element: الاطفال - انحراف السلوك - رعاية - جوانب اجتماعية

670 ## - SOURCE DATA FOUND

  • Source citation: Work cat.: (JO-AjAnu)3977: تأليف: الحبيس، فراس علي محمد, author 7692, كيف نحمي أبنائنا من الانحراف : تشكيل شخصية الطفل-السلوك العدواني عند الطفل-أنواع الإنحراف عند الطفل-الضرب البليغ للجسم عند الطفل